Economic development and CO2 emissions: using linear regresion model

Vzťah medzi emisiou oxidu uhličitého na osobu a ekonomický rastom na osobu 2000-2008 v 175 krajinách. Aplikované tri regresné modely s využitím metódy najmenších štvorcov. Výskum potvrdzuje rastúcu lineárnu závislosť skúmaných parametrov.

Guardado en:
Detalles Bibliográficos
Autor principal: Luptáková, Alžbeta, 1988-
Otros Autores: Mančáková, Zuzana
Formato: Capítulo de libro
Lenguaje:inglés
Materias:
Etiquetas: Agregar Etiqueta
Sin Etiquetas, Sea el primero en etiquetar este registro!

MARC

LEADER 00000nla a2200000 4500
001 0181346
005 20240502073118.7
041 0 |a eng 
044 |a SK 
245 1 0 |a Economic development and CO2 emissions: using linear regresion model  |c Alžbeta Luptáková, Zuzana Mančáková 
520 |a Vzťah medzi emisiou oxidu uhličitého na osobu a ekonomický rastom na osobu 2000-2008 v 175 krajinách. Aplikované tri regresné modely s využitím metódy najmenších štvorcov. Výskum potvrdzuje rastúcu lineárnu závislosť skúmaných parametrov. 
610 2 0 |a emisie 
610 2 0 |a rast hospodársky 
610 2 0 |a regresia 
610 2 0 |a rozvoj hospodársky 
610 2 0 |a modely ekonomicko-matematické 
610 2 0 |a závislosť štatistická 
100 1 |a Luptáková, Alžbeta, 1988- 
700 1 |a Mančáková, Zuzana